Quick math quiz only a short - x 3 - quiz 17 - Statistics

General Stats
  • This quiz has been taken 20 times
  • The average score is 17 of 20
Answer Stats
Hint Answer % Correct
90 270
100%
15 45
100%
89 267
93%
12 36
93%
43 129
87%
57 171
87%
83 249
87%
96 288
87%
133 399
87%
134 402
87%
167 501
87%
17 51
87%
177 531
87%
201 603
87%
266 798
87%
325 975
87%
389 1167
80%
157 471
80%
189 567
80%
289 867
80%
No matching quizzes found
Score Distribution
Percent of People with Each Score
Percentile by Number Answered
Your Score History
You have not taken this quiz